Fúze, holdingy, trusty, koncerny a jiná propojení podniků - základní pojmy, vztahy a právní formy
Vývoj právnej úpravy koncentrácie a prepájania podnikov v Českej republike. Súčasný stav právnej úpravy prepájania podnikov v českom práve. Vymedzenie pojmov prepojené podnikanie, podnikové zmluvy a spojenie podnikov. Formy prepojenia podnikov. Holding. Koncern. Trust. Spoločný podnik - joint ventur...
Salvato in:
| Autore principale: | |
|---|---|
| Natura: | Capitolo di libro |
| Lingua: | ceco |
| Soggetti: | |
| Tags: |
Nessun Tag, puoi essere il primo ad aggiungerne!!
|
MARC
| LEADER | 00000naa a2200000 4500 | ||
|---|---|---|---|
| 001 | r035086 | ||
| 005 | 20230929091335.0 | ||
| 041 | 0 | |a cze | |
| 044 | |a CZ | ||
| 245 | 1 | 0 | |a Fúze, holdingy, trusty, koncerny a jiná propojení podniků - základní pojmy, vztahy a právní formy |c Martin Boháček |
| 520 | |a Vývoj právnej úpravy koncentrácie a prepájania podnikov v Českej republike. Súčasný stav právnej úpravy prepájania podnikov v českom práve. Vymedzenie pojmov prepojené podnikanie, podnikové zmluvy a spojenie podnikov. Formy prepojenia podnikov. Holding. Koncern. Trust. Spoločný podnik - joint venture. Kartely. Účastníci prepojenia podnikov. Prepojenie podnikov v hospodárskej súťaži, koncentrácie, ovládania a koordinácie súťažiaceho. | ||
| 610 | 2 | 0 | |a koncerny |
| 610 | 2 | 0 | |a fúzie |
| 610 | 2 | 0 | |a holding |
| 610 | 2 | 0 | |a trusty |
| 610 | 2 | 0 | |a joint ventures |
| 610 | 2 | 0 | |a kartely |
| 610 | 2 | 0 | |a súťaž hospodárska |
| 610 | 2 | 0 | |a koncentrácia |
| 610 | 2 | 0 | |a vzťahy právne |
| 610 | 2 | 0 | |a podnik |
| 610 | 2 | 0 | |a koordinácia |
| 610 | 2 | 0 | |a Česko |
| 100 | 1 | |a Boháček, Martin | |